Brawl Stars: Cil Skins by Picture - Statistics

General Stats
  • This quiz has been taken 74 times
    48 since last reset
  • The average score is 5 of 7
Answer Stats
Picture Answer % Correct
Demon Cil
97%
True Gold Cil
83%
True Silver Cil
80%
Oni Cil
77%
Pharacil
63%
W Cil
54%
Rusty Cil
37%
No matching quizzes found
Score Distribution
Percent of People with Each Score
Percentile by Number Answered
Your Score History
You have not taken this quiz since the last reset